000
00328nam a22001337a 4500
008
181010b xxu||||| |||| 00| 0 eng d
020
_a
0963525506
041
_a
eng
080
_a
371
100
_a
25
101
_a
EDU
245
_a
School-based Assessments and Interventions for ADD Students
_c
Swanson,J. M
942
_2
udc
_c
BK
999
_c
49277
_d
49277